000 00642nam a2200241 4500
008
020 _a0340867523 (pbk.)
049 _aMAIN
090 _aQH431
_bJEN
100 _aJenkins, Morton.
245 0 0 _aTeach yourself genetics /
_cMorton Jenkins.
246 _aGenetics.
260 _aLondon :
_bHodder Headline,
_c2003.
300 _aiv, 188 p. :
_bill. ;
_c20 cm.
440 _aTeach yourself.
500 _aIncludes index.
650 0 _aGenetics.
907 _a.b1018840x
_b08-02-10
_c30-01-06
003
005 20230123134147.0
040 _cNUST
942 _cBOOKS
_kQH431
_mJEN
999 _c161081
_d161081